| 000 | nam a22 a 4500 | ||
|---|---|---|---|
| 999 |
_c330887 _d330887 |
||
| 003 | BLK | ||
| 005 | 20221208030930.0 | ||
| 008 | 190508b bu |||||r|||| 00| 0 bu d | ||
| 020 | _a9786190202998 | ||
| 040 | _aBLK | ||
| 041 |
_aBUL _aENG _cBUL |
||
| 100 |
_9295170 _aБагашева, Александра Божидарова _eпърви автор |
||
| 139 |
_aБагашева, Александра Божидарова _bБ 13 |
||
| 245 |
_aАнглийска матура _b6 теста, 6 пояснителни ключа _cАлександра Багашева, Ирина Васева |
||
| 260 |
_9209486 _aСофия _bКолибри _c2018 _fСофия: Инвестпрес |
||
| 300 |
_a166 с. _b24 см _e+ 1 оптичен диск |
||
| 380 | _a80 | ||
| 490 |
_9402497 _aМога за отличен! |
||
| 500 | _aТекст и на англ. ез. - Кн. от поредицата Мога за отличен! | ||
| 653 | 7 |
_9180906 _aанглийски език |
|
| 700 |
_aВасева, Ирина Ненчева _eсъавт. _91445 |
||
| 852 | _aЦб 294627 | ||
| 942 |
_cKNG _n0 _s1 |
||
| 944 |
_aCR _c2019-05-08 _kПетя Минчева _l2019-05-08 |
||
| 999 | _d330887 | ||